000 00290nam a2200109Ia 4500
008 230907s9999||||xx |||||||||||||| ||und||
082 _a378.175
_bTAL
245 0 _aStuding at a distance :
260 _aMcGraw-Hill, Open University Press,
_bEngland :
_c2016
300 _a221 p.
942 _cBK
999 _c601146
_d601146